000 00395 a2200145 4500
999 _c6255
_d6255
020 _a0869255266
050 _aQA 135.5 SKI 2014
100 _aSkinner, Dennis
_eauthor
245 _aNew ventures in mathematics:
_bgrade two/
_cDennis Skinner
264 _aHarare:
_bCollege Press
_c2014
300 _a64p.:
_bill.(col.)
500 _aText
650 _aMathematics
942 _2lcc
_cBK
_h135.5
_iSKI
_kQA